[Event "Mumbai Wealth op"]
[Site "Mumbai"]
[Date "2016.02.03"]
[Round "7"]
[White "Akshay, V Halagannavar"]
[Black "Kumtakar, Deepak"]
[Result "0-1"]
[WhiteElo "1897"]
[BlackElo "1624"]
[PlyCount "49"]
[EventDate "2016.01.28"]
[EventType "swiss"]
[EventRounds "9"]
[EventCountry "IND"]
[SourceTitle "CBM 170 Extra"]
[Source "ChessBase"]
[SourceDate "2016.02.25"]
[SourceVersion "1"]
[SourceVersionDate "2016.02.25"]
[SourceQuality "1"]

1. e4 e6 2. b3 d5 3. Bb2 Nf6 4. exd5 exd5 5. Nf3 Bd6 6. Be2 0-0 7. 0-0 Bg4 8. d3 Nbd7 9. Nbd2 Re8 10. Re1 c6 11. Nf1 Bb4 12. c3 Ba5 13. Ne3 Bxf3 14. Bxf3 d4 15. Nc4 dxc3 16. Rxe8+ Nxe8 17. Ba3 Bc7 18. Bb4 Ne5 19. Bxc3 Nxd3 20. Be4 Bxh2+ 21. Kf1 Nc5 22. Bxh7+ Kxh7 23. Qh5+ Kg8 24. Rd1 Qe7 25. Qxh2 0-1